Anime General Knowledge #2 - Statistics

General Stats
  • This quiz has been taken 325 times
    147 since last reset
  • The average score is 12 of 20
Answer Stats
Hint Answer % Correct
What three anime series does the "big three" refer to? Naruto
97%
What three anime series does the "big three" refer to? One Piece
97%
What three anime series does the "big three" refer to? Bleach
93%
Who got turned into a demon in episode one of Demon Slayer? Nezuko
90%
Who was the hashira that encountered Tanjiro and Nezuko in episode one of Demon Slayer? Giyu Tomioka
78%
Who manipulates Denji in Chainsaw Man? Makima
76%
What quirk did Midoriya (Deku) have before he was gifted One For All by All Might? None
76%
Name either one of Goku's children Gohan / Goten
71%
What does the Japanese phrase "Ryoiki Tenkai", used in Jujutsu Kaisen translate to in English? Domain Expansion
68%
Name of the beast that exists within, and sometimes takes over Naruto? Kurama
67%
Name of the form Goku achieved while fighting Frieza on the above planet Super Saiyan
60%
What is the name that Shigeo Kageyama normally goes by in Mob Psycho 100? Mob
58%
Name of the ghost that possessed Okarun in Dandadan Turbo Granny
49%
Around how tall was the wall in Attack on TItan? 50 meters / 164 feet
42%
In Jujutsu Kaisen, what do Maki Zen'in and Toji Fushiguro have that causes them to have 0 cursed energy, but massively increased physical prowess? Heavenly Restriction
42%
Cursed technique of Megumi Fushiguro in Jujutsu Kaisen Ten Shadows
39%
Planet that was exploded by Frieza in Dragon Ball Z Namek
38%
Devil fruit that belongs to Katakuri in One Piece Mochi Mochi no Mi (Dough)
37%
In One Punch Man, who did Saitama accidentally punch in the groin? Speed O' Sound Sonic
31%
What is the quirk of the villain Kurogiri from My Hero Academia Warp Gate
17%
No matching quizzes found
Score Distribution
Percent of People with Each Score
Percentile by Number Answered
Your Score History
You have not taken this quiz since the last reset